书目信息 |
| 题名: |
南斯拉夫史
|
|
| 作者: | 博日奇 , Bozio 著 ;赵乃斌 译 | |
| 分册: | 上册 | |
| 出版信息: | 北京 商务印书馆 1984 |
|
| 页数: | 475页 | |
| 开本: | 21cm | |
| 丛书名: | ||
| 单 册: | ||
| 中图分类: | K543.0 | |
| 科图分类: | ||
| 主题词: | 南欧--历史 | |
| 电子资源: | ||
| ISBN: | ||
| 000 | 00802nam0 2200289 45 | |
| 001 | 0184012343 | |
| 005 | 20040512083433.9 | |
| 010 | @dCNY4.45 | |
| 091 | @a11017.575 | |
| 100 | @a19950526d1984 em y0chiy0121 ea | |
| 101 | 1 | @achi |
| 102 | @aCN@b110000 | |
| 105 | @ac z 000yy | |
| 106 | @ar | |
| 200 | 10 | @a南斯拉夫史@h上册@Anan si la fu shi@f(南)博日奇(I.Bozio)等著@g赵乃斌译 |
| 210 | @a北京@c商务印书馆@d1984 | |
| 215 | @a475页@c照片@d21cm | |
| 300 | @a书名原文:Istorjia Jugoslavije | |
| 510 | 1 | @aIstorjia Jugoslavije@zeng |
| 606 | 0 | @a南欧@x历史 |
| 690 | @aK543.0@v3 | |
| 701 | 1 | @a博日奇@Abo ri qi@bI.@4著 |
| 701 | A1 | @aBozio@bI.@4著 |
| 702 | 0 | @a赵乃斌@Azhao nai bin@4译 |
| 801 | 0 | @aCN@b上海图书馆@c20040301 |
| 801 | 2 | @aCN@bNLC@c20040301 |
| 905 | @dK543.0@e3:1@f1@b120619 | |
| 南斯拉夫史.上册/(南)博日奇(I.Bozio)等著/赵乃斌译.-北京:商务印书馆,1984 |
| 475页:照片;21cm |
| 书名原文:Istorjia Jugoslavije |
| ISBN :CNY4.45 |
| ● |
| 相关链接 |
|
|
|
|
正题名:南斯拉夫史
索取号:K543.0/3:1
 
预约/预借
| 序号 | 登录号 | 条形码 | 馆藏地/架位号 | 状态 | 备注 |
| 1 | 0120618 | 001889843 | 密集书库/ [索取号:K543.0/3:1] | 在馆 | |
| 2 | 0120619 | 001394716 | 第二样本阅览室/ [索取号:K543.0/3:1] | 在馆 | |
| 3 | 0120620 | 001889852 | 第二借阅区/ [索取号:K543.0/3:1] | 在馆 |